Fast Marching Trees (FMT*) For Dynamic Motion Planning (Record no. 612337)

000 -LEADER
fixed length control field 00552nam a22001577a 4500
003 - CONTROL NUMBER IDENTIFIER
control field NUST
082 ## - DEWEY DECIMAL CLASSIFICATION NUMBER
Classification number 629.8
100 ## - MAIN ENTRY--PERSONAL NAME
Personal name Salman Sadiq ,Muhammad
245 ## - TITLE STATEMENT
Title Fast Marching Trees (FMT*) For Dynamic Motion Planning
Statement of responsibility, etc. Muhammad Salman Sadiq
264 ## - PRODUCTION, PUBLICATION, DISTRIBUTION, MANUFACTURE, AND COPYRIGHT NOTICE
Place of production, publication, distribution, manufacture Islamabad:
Name of producer, publisher, distributor, manufacturer SMME- NUST.
Date of production, publication, distribution, manufacture, or copyright notice 2024.
300 ## - PHYSICAL DESCRIPTION
Other physical details Soft Copy,
Dimensions 30cm.
650 ## - SUBJECT ADDED ENTRY--TOPICAL TERM
Topical term or geographic name entry element MS Robotics and Intelligent Machine Engineering
700 ## - ADDED ENTRY--PERSONAL NAME
Personal name Supervisor: Dr. Khawaja Fahad Iqbal
856 ## - ELECTRONIC LOCATION AND ACCESS
Uniform Resource Identifier <a href="http://10.250.8.41:8080/xmlui/handle/123456789/47997">http://10.250.8.41:8080/xmlui/handle/123456789/47997</a>
942 ## - ADDED ENTRY ELEMENTS (KOHA)
Source of classification or shelving scheme
Koha item type Thesis
Holdings
Withdrawn status Permanent Location Current Location Shelving location Date acquired Full call number Barcode Koha item type
  School of Mechanical & Manufacturing Engineering (SMME) School of Mechanical & Manufacturing Engineering (SMME) E-Books 11/20/2024 629.8 SMME-TH-1099 Thesis
© 2023 Central Library, National University of Sciences and Technology. All Rights Reserved.